UBT Library

Rereading America : (Record no. 42475)

000 -LEADER
fixed length control field 00859cam a2200265 a 4500
001 - CONTROL NUMBER
control field 18143848
005 - DATE AND TIME OF LATEST TRANSACTION
control field 20180214041749.0
008 - FIXED-LENGTH DATA ELEMENTS--GENERAL INFORMATION
fixed length control field 140508i2013 maua b 001 0 eng d
010 ## - LIBRARY OF CONGRESS CONTROL NUMBER
LC control number 2013443255
020 ## - INTERNATIONAL STANDARD BOOK NUMBER
International Standard Book Number 9781457606717 (pbk.)
020 ## - INTERNATIONAL STANDARD BOOK NUMBER
International Standard Book Number 1457606712 (pbk.)
035 ## - SYSTEM CONTROL NUMBER
System control number (OCoLC)ocn816029145
040 ## - CATALOGING SOURCE
Original cataloging agency BTCTA
Language of cataloging eng
Transcribing agency BTCTA
Modifying agency BDX
-- VVX
-- OCLCO
-- YDXCP
-- IBZ
-- OCLCF
-- DLC
041 ## - LANGUAGE CODE
Language code of text/sound track or separate title eng
042 ## - AUTHENTICATION CODE
Authentication code lccopycat
080 ## - UNIVERSAL DECIMAL CLASSIFICATION NUMBER
Universal Decimal Classification number 32 COL
082 ## - DEWEY DECIMAL CLASSIFICATION NUMBER
Classification number 32 COL
100 ## - Rafti
Rafti 19
101 ## - Shkurtesa
Shkurtesa POL
245 00 - TITLE STATEMENT
Title Rereading America :
Statement of responsibility, etc edited by Gary Colombo, Robert Cullen, Bonnie Lisle.
504 ## - BIBLIOGRAPHY, ETC. NOTE
Bibliography, etc Includes bibliographical references and index.
906 ## - LOCAL DATA ELEMENT F, LDF (RLIN)
a 7
b cbc
c copycat
d 2
e ncip
f 20
g y-gencatlg
942 ## - ADDED ENTRY ELEMENTS (KOHA)
Source of classification or shelving scheme
Item type Books
Holdings
Withdrawn status Lost status Source of classification or shelving scheme Damaged status Not for loan Collection code Permanent location Current location Shelving location Date acquired Total Checkouts Full call number Barcode Date last seen Price effective from Koha item type
          Koleksioni i përgjithshem UBT - Lipjan UBT - Lipjan Koleksioni i përgjithshem 02/14/2018   32 COL 002-2998213 02/14/2018 02/14/2018 Books
UBT Library © 2015-2024. All rights reserved University Education for Business and Technology